|
|
|
|
| LEADER |
00969nam a2200313 4500 |
| 001 |
DLU090070107 |
| 005 |
##20090525 |
| 040 |
# |
# |
|a DLU
|b eng
|
| 041 |
# |
# |
|a eng
|
| 044 |
# |
# |
|a UK
|
| 245 |
# |
# |
|a Appearance of immunoglobulin G in the plasma of piglets following intake of colostrum, with or without a delay in sucking /
|c I. M. Bland, J. A. Rooke, V. C. Bland, A. G. Sinclair, S. A. Edwards.
|
| 653 |
# |
# |
|a Colostrum
|
| 653 |
# |
# |
|a IgG
|
| 653 |
# |
# |
|a Piglets
|
| 700 |
# |
# |
|a Bland, I. M.
|
| 700 |
# |
# |
|a Bland, V. C.
|
| 700 |
# |
# |
|a Edwards, S. A.
|
| 700 |
# |
# |
|a Rooke, J. A.
|
| 700 |
# |
# |
|a Sinclair, A. G.
|
| 773 |
# |
# |
|t Animal Science
|g Vol. 77, no. 2 (October 2003), p. 277-286
|
| 920 |
# |
# |
|a Phòng Tạp chí -- Trung tâm Thông tin - Thư viện Trường Đại học Đà Lạt
|
| 994 |
# |
# |
|a DLU
|
| 900 |
# |
# |
|a True
|
| 911 |
# |
# |
|a Trương Bảo Trâm Anh
|
| 925 |
# |
# |
|a G
|
| 926 |
# |
# |
|a A
|
| 927 |
# |
# |
|a BB
|
| 980 |
# |
# |
|a Thư viện Trường Đại học Đà Lạt
|